[Event "Open Hotel Caravel A"]
[Site "Nago-Torbole ITA"]
[Date "2010.12.26"]
[Round "1"]
[White "Dappiano, Andrea"]
[Black "Lezzerini, Marco"]
[Result "1-0"]
[WhiteElo "2062"]
[BlackElo "1731"]
[PlyCount "135"]
[EventDate "2010.12.26"]

1. Nf3 Nf6 2. g3 g6 3. Bg2 Bg7 4. c4 d6 5. Nc3 O-O 6. O-O Nc6 7. d3 e5 8. Bg5
h6 9. Bxf6 Bxf6 10. Rb1 a5 11. a3 Nd4 12. e3 Nxf3+ 13. Bxf3 c6 14. b4 axb4 15.
axb4 Bg7 16. b5 Bd7 17. bxc6 bxc6 18. Rb7 Rb8 19. Qb3 Qc8 20. Rb1 Rxb7 21. Qxb7
Qxb7 22. Rxb7 Bf5 23. Bxc6 Bxd3 24. Bd5 e4 25. Nxe4 Bxe4 26. Bxe4 f5 27. Bd5+
Kh7 28. Rd7 Rf6 29. h4 h5 30. Kf1 Kh6 31. f4 Kh7 32. Ke2 Kh8 33. Kd3 Kh7 34.
Kc2 Kh8 35. Kb3 Kh7 36. Ka4 Kh8 37. Kb5 Kh7 38. Kc6 Kh8 39. Rxd6 Rxd6+ 40. Kxd6
Bf8+ 41. Ke6 Kg7 42. Ke5 Bc5 43. e4 fxe4 44. Kxe4 Kf6 45. Kf3 Kf5 46. Be4+ Kf6
47. g4 hxg4+ 48. Kxg4 Bd6 49. Bf3 Kg7 50. Kg3 Kh6 51. Bg4 Kg7 52. Kf3 Kh6 53.
Bd7 Kg7 54. Be8 Kh6 55. Ke4 Be7 56. h5 gxh5 57. Kd5 h4 58. Bd7 Kg6 59. c5 Bd8
60. Kd6 Kf7 61. c6 Be7+ 62. Kc7 Kf6 63. Kb7 Bd6 64. c7 Bxc7 65. Kxc7 Kg6 66.
Kd6 Kf6 67. Bg4 Kf7 68. Ke5 1-0

[Event "Open Hotel Caravel A"]
[Site "Nago-Torbole ITA"]
[Date "2010.12.26"]
[Round "1"]
[White "De Santis, Alessio"]
[Black "Montani, Riccardo"]
[Result "1-0"]
[WhiteElo "2293"]
[BlackElo "1885"]
[PlyCount "49"]
[EventDate "2010.12.26"]

1. d4 d5 2. c4 c6 3. Nc3 Nf6 4. e3 e6 5. Nf3 a6 6. a4 Nbd7 7. Bd3 Bd6 8. e4
dxe4 9. Nxe4 Nxe4 10. Bxe4 Bb4+ 11. Bd2 Bxd2+ 12. Qxd2 c5 13. O-O Nf6 14. Bc2
cxd4 15. Rfd1 O-O 16. Qxd4 Qxd4 17. Rxd4 Bd7 18. Ne5 Bc6 19. Rad1 Rfc8 20. a5
Kf8 21. g4 h6 22. h4 Ng8 23. g5 h5 24. Rf4 Be8 25. Ng6# 1-0

[Event "Open Hotel Caravel A"]
[Site "Nago-Torbole ITA"]
[Date "2010.12.26"]
[Round "1"]
[White "De Vita, Gianni"]
[Black "Facchetti, Lorenzo"]
[Result "1/2-1/2"]
[WhiteElo "2106"]
[BlackElo "1843"]
[PlyCount "40"]
[EventDate "2010.12.26"]

1. e4 c6 2. d4 d5 3. Nd2 dxe4 4. Nxe4 Bf5 5. Ng3 Bg6 6. h4 h6 7. Nf3 Nd7 8. h5
Bh7 9. Bd3 Bxd3 10. Qxd3 Ngf6 11. Bd2 Qc7 12. O-O-O e6 13. Ne4 Nxe4 14. Qxe4
Nf6 15. Qe2 O-O-O 16. c4 c5 17. Bc3 Qf4+ 18. Bd2 Qc7 19. Bc3 Qf4+ 20. Bd2 Qc7
1/2-1/2

[Event "Open Hotel Caravel A"]
[Site "Nago-Torbole ITA"]
[Date "2010.12.26"]
[Round "1"]
[White "De Vita, Igor"]
[Black "Fragni, Enrico"]
[Result "1-0"]
[WhiteElo "2078"]
[BlackElo "1762"]
[PlyCount "29"]
[EventDate "2010.12.26"]

1. c4 d6 2. d4 c6 3. Nc3 Nf6 4. Bg5 Bg4 5. f3 Bf5 6. e4 Bd7 7. Qd2 e5 8. Nge2
Be7 9. h4 g6 10. O-O-O b5 11. cxb5 cxb5 12. Nxb5 Qc8+ 13. Qc3 Qxc3+ 14. Nexc3
Na6 15. Nxd6+ 1-0

[Event "Open Hotel Caravel A"]
[Site "Nago-Torbole ITA"]
[Date "2010.12.26"]
[Round "1"]
[White "Panjkovic, Aleksandar"]
[Black "Paniga, Danilo"]
[Result "1-0"]
[WhiteElo "2165"]
[BlackElo "1871"]
[PlyCount "53"]
[EventDate "2010.12.26"]

1. c4 f5 2. g3 Nf6 3. Bg2 g6 4. Nc3 Bg7 5. Nf3 O-O 6. O-O d6 7. d3 e5 8. Bd2
Na6 9. Rb1 c6 10. b4 Nc7 11. c5 Re8 12. cxd6 Qxd6 13. b5 Bd7 14. Ng5 Re7 15.
Na4 Nfd5 16. e4 Nb6 17. Bb4 Qf6 18. Bxe7 Qxe7 19. bxc6 Bxc6 20. Qb3+ Kf8 21.
Nxb6 axb6 22. Qxb6 Rxa2 23. Qxc7 Qxg5 24. Ra1 Qd2 25. Qd6+ Kf7 26. exf5 gxf5
27. Bd5+ 1-0

[Event "Open Hotel Caravel A"]
[Site "Nago-Torbole ITA"]
[Date "2010.12.26"]
[Round "1"]
[White "Petragnani, Gian Giacomo"]
[Black "Mora, Massimo"]
[Result "0-1"]
[WhiteElo "1714"]
[BlackElo "2014"]
[PlyCount "100"]
[EventDate "2010.12.26"]

1. Nf3 c5 2. g3 Nf6 3. Bg2 Nc6 4. O-O d5 5. d3 e5 6. Bg5 h6 7. Bxf6 Qxf6 8. Nc3
Be6 9. Nd2 Qd8 10. e4 d4 11. Ne2 Qd7 12. f4 Bg4 13. f5 f6 14. h3 Bh5 15. Kh2
Be7 16. Bf3 Bf7 17. g4 h5 18. Ng3 hxg4 19. Bxg4 O-O-O 20. Nf3 Rh6 21. Kg2 Kb8
22. Rh1 Rg8 23. Qd2 Qe8 24. Rag1 Bf8 25. h4 g6 26. Kf2 gxf5 27. Nxf5 Rhh8 28.
a3 Be6 29. h5 Bxf5 30. exf5 Bh6 31. Qe1 Be3+ 32. Ke2 Ne7 33. c4 Qc6 34. Qh4
Bxg1 35. Rxg1 e4 36. Nd2 exd3+ 37. Kxd3 Ka8 38. Re1 Qd7 39. Re6 Rh6 40. Ne4 Nc6
41. Nxf6 Qd8 42. Nxg8 Qxh4 43. Nxh6 Qg3+ 44. Ke4 a6 45. f6 Qe3+ 46. Kd5 Qxh6
47. Re8+ Ka7 48. f7 Qg5+ 49. Kd6 Qf4+ 50. Kxc5 Qxf7 0-1

[Event "Open Hotel Caravel A"]
[Site "Nago-Torbole ITA"]
[Date "2010.12.26"]
[Round "1"]
[White "Pivovarov, Michail"]
[Black "Bevilacqua, Maurizio"]
[Result "0-1"]
[WhiteElo "1869"]
[BlackElo "2156"]
[PlyCount "120"]
[EventDate "2010.12.26"]

1. Nf3 c5 2. c4 Nf6 3. g3 b6 4. Bg2 Bb7 5. Nc3 e6 6. d3 Be7 7. O-O O-O 8. e4 d6
9. Re1 Qc8 10. a3 Nc6 11. Rb1 Rd8 12. Bh3 Qb8 13. b4 Nd7 14. Bg5 Bf6 15. Bxf6
Nxf6 16. b5 Ne5 17. Qe2 Qc7 18. Nd2 h5 19. Rf1 Re8 20. Bg2 Rad8 21. f4 Ng6 22.
Rbe1 d5 23. e5 Ng4 24. h3 Nh6 25. cxd5 exd5 26. Qxh5 Qd7 27. Qf3 Nf5 28. Qf2
Nd4 29. a4 Qf5 30. Re3 Nc2 31. g4 Qc8 32. Rg3 Nh4 33. Bh1 Nd4 34. Ne2 Nc2 35.
Nf3 Ng6 36. Ne1 Nb4 37. Kh2 a6 38. Nc3 Re7 39. Nc2 a5 40. Ne1 Ba8 41. Qd2 Rde8
42. d4 Rc7 43. Ne2 cxd4 44. Nxd4 Rc4 45. Nf5 Re6 46. Nd6 Rxd6 47. exd6 Qd7 48.
Rc3 Rxc3 49. Qxc3 Qxd6 50. Qc8+ Qf8 51. Qd7 Qb8 52. Kg3 Na2 53. Bxd5 Bxd5 54.
Qxd5 Nc3 55. Qf3 Nxf4 56. Kf2 Qe5 57. Kg1 g5 58. h4 Qd4+ 59. Kh1 Nce2 60. hxg5
Qh8+ 0-1

[Event "Open Hotel Caravel A"]
[Site "Nago-Torbole ITA"]
[Date "2010.12.26"]
[Round "1"]
[White "Poletti, Fausto"]
[Black "Zanin, Luca"]
[Result "1-0"]
[WhiteElo "1919"]
[BlackElo "1497"]
[PlyCount "69"]
[EventDate "2010.12.26"]

1. c4 e5 2. Nc3 b6 3. Nf3 d6 4. d4 exd4 5. Nxd4 Bb7 6. e4 Ne7 7. Be2 Nbc6 8.
Nxc6 Nxc6 9. O-O g6 10. Be3 Bg7 11. Qd2 Ne7 12. Bd4 f6 13. Rad1 Nc6 14. Be3 Qe7
15. Nd5 Qf7 16. b4 Nd8 17. c5 dxc5 18. bxc5 Bxd5 19. exd5 O-O 20. d6 Ne6 21.
Bc4 Rad8 22. Qc2 cxd6 23. cxd6 Kh8 24. Qb3 Rfe8 25. Rfe1 Bf8 26. Bf4 Nc5 27.
Bxf7 Rxe1+ 28. Rxe1 Nxb3 29. Bxb3 Bxd6 30. Bxd6 Rxd6 31. Re8+ Kg7 32. Re7+ Kh6
33. Rxa7 g5 34. g3 Kg6 35. Bc2+ 1-0

[Event "Open Hotel Caravel A"]
[Site "Nago-Torbole ITA"]
[Date "2010.12.26"]
[Round "1"]
[White "Silini, Riccardo"]
[Black "Favre, Bruno"]
[Result "0-1"]
[WhiteElo "1628"]
[BlackElo "1964"]
[PlyCount "64"]
[EventDate "2010.12.26"]

1. e4 c6 2. d4 d5 3. e5 Bf5 4. Bd3 Bg6 5. Bf4 e6 6. Bxg6 hxg6 7. Nf3 c5 8. Be3
c4 9. a4 Qb6 10. Qc1 Nc6 11. c3 Rc8 12. Nbd2 Na5 13. g4 Nh6 14. h3 Nxg4 15. Ke2
Nh6 16. Qc2 Nf5 17. Rag1 Be7 18. Ng5 Rh5 19. f4 Rc6 20. Kf3 Qd8 21. h4 Rb6 22.
Rg2 Nb3 23. Nxb3 Rxb3 24. Ke2 Bxg5 25. fxg5 Qa5 26. Ra1 Rxh4 27. Ra2 Re4 28.
Qd2 Rxe3+ 29. Kf2 Qd8 30. Ra1 Rh3 31. a5 a6 32. Rag1 Qxa5 0-1

[Event "Open Hotel Caravel A"]
[Site "Nago-Torbole ITA"]
[Date "2010.12.26"]
[Round "1"]
[White "Simmon, Norbert"]
[Black "Horn, Peter"]
[Result "0-1"]
[WhiteElo "1865"]
[BlackElo "2132"]
[PlyCount "114"]
[EventDate "2010.12.26"]

1. g3 d5 2. d4 e6 3. Bg2 f5 4. Nf3 Nf6 5. c4 c6 6. O-O Bd6 7. Nc3 O-O 8. b3
Nbd7 9. Bb2 Ne4 10. Nd2 b6 11. e3 Bb7 12. cxd5 exd5 13. Rc1 Qe7 14. Re1 Ndf6
15. f3 Nxc3 16. Bxc3 c5 17. a3 a5 18. Qc2 Qd7 19. Bh3 g6 20. Qb2 Qe7 21. Bg2
Rae8 22. Nb1 Qd8 23. Qd2 Re6 24. dxc5 Bxc5 25. Bd4 Nd7 26. b4 axb4 27. axb4 Bd6
28. Na3 Qe7 29. Bc3 Nf6 30. Nb5 Bb8 31. Nd4 Rd6 32. b5 Rdd8 33. Ra1 Rfe8 34.
Kf2 h5 35. Qb2 Nd7 36. Bf1 Qd6 37. Kg1 Ne5 38. Ra4 Rc8 39. Qb3 Kh7 40. Bd2 h4
41. f4 Nc4 42. Bb4 Qf6 43. Ra2 Nxe3 44. Bc3 Qd6 45. Bb4 Qf6 46. Bc3 Qd8 47. Bd3
Nc4 48. Rxe8 Qxe8 49. Re2 Qf7 50. Nf3 Qf8 51. Bb4 Bd6 52. Bxd6 Qxd6 53. Nxh4
Qc5+ 54. Kf1 Ne3+ 55. Ke1 Re8 56. Nf3 Qc1+ 57. Kf2 Qf1# 0-1

[Event "Open Hotel Caravel A"]
[Site "Nago-Torbole ITA"]
[Date "2010.12.26"]
[Round "1"]
[White "Sinner, Armin"]
[Black "De Nisi, Roberta"]
[Result "0-1"]
[WhiteElo "1515"]
[BlackElo "1925"]
[PlyCount "92"]
[EventDate "2010.12.26"]

1. f4 d5 2. Nf3 c5 3. e3 f6 4. b3 Nc6 5. Bb2 Bg4 6. Bb5 Qc7 7. h3 Bxf3 8. Qxf3
O-O-O 9. Nc3 Nb4 10. Bd3 e6 11. a3 Nc6 12. Bb5 Nge7 13. O-O h5 14. Na4 Nf5 15.
Bd3 Nfe7 16. e4 Nd4 17. Bxd4 cxd4 18. c3 dxc3 19. Nxc3 Qb6+ 20. Kh1 dxe4 21.
Qxe4 Kb8 22. Bc4 Nf5 23. Kh2 h4 24. Qxe6 Qxe6 25. Bxe6 Ng3 26. Rfd1 Bd6 27. Nd5
g5 28. Kg1 gxf4 29. Nxf6 Rh6 30. Nd7+ Ka8 31. Bg4 Rh7 32. Nf6 Rf7 33. Ne4 Nxe4
34. Rac1 Rc7 35. Rxc7 Bxc7 36. Rc1 Bb6+ 37. Kf1 Nxd2+ 38. Ke2 Nxb3 39. Rc3 Nd4+
40. Kf1 Nc6 41. Ke2 a6 42. Bf3 Nd4+ 43. Ke1 Nxf3+ 44. Rxf3 Be3 45. Ke2 Rd2+ 46.
Kf1 Ra2 0-1

[Event "Open Hotel Caravel A"]
[Site "Nago-Torbole ITA"]
[Date "2010.12.26"]
[Round "1"]
[White "Teodonio, Fabrizio"]
[Black "Viola, Enrico"]
[Result "1/2-1/2"]
[WhiteElo "2002"]
[BlackElo "1713"]
[PlyCount "29"]
[EventDate "2010.12.26"]

1. e4 c5 2. c3 d5 3. exd5 Qxd5 4. d4 Nf6 5. Nf3 Bg4 6. Be2 cxd4 7. cxd4 e6 8.
Nc3 Bb4 9. O-O Qa5 10. Bd2 O-O 11. a3 Be7 12. b4 Qd8 13. Rc1 Nc6 14. Be3 a5 15.
Ne5 1/2-1/2

[Event "Open Hotel Caravel A"]
[Site "Nago-Torbole ITA"]
[Date "2010.12.26"]
[Round "1"]
[White "Tortorella, Giancarlo"]
[Black "Gehrke, Rolf"]
[Result "1-0"]
[WhiteElo "1796"]
[BlackElo "2084"]
[PlyCount "73"]
[EventDate "2010.12.26"]

1. e4 c5 2. d4 cxd4 3. c3 d5 4. e5 dxc3 5. Nxc3 e6 6. Nf3 Nc6 7. Bd3 f6 8. Qe2
fxe5 9. Nxe5 Nf6 10. Bg5 Bd6 11. Bxf6 Qxf6 12. Qh5+ Ke7 13. Ng6+ hxg6 14. Qxh8
Ne5 15. Bb5 Nc6 16. O-O Kf7 17. Rae1 Qd8 18. Qh3 Ne7 19. Rd1 Kg8 20. Qd3 Nf5
21. g3 a6 22. Ba4 b5 23. Bb3 Bb7 24. Rfe1 Qf6 25. Nxd5 Qf7 26. Rxe6 Kh8 27.
Rxd6 Nxd6 28. Nb6 Nc4 29. Nxa8 Qe6 30. Qd8+ Kh7 31. Qh4+ Kg8 32. Rd8+ Kf7 33.
Qf4+ Ke7 34. Qc7+ Kf6 35. Rf8+ Kg5 36. Qf4+ Kh5 37. Rh8# 1-0

[Event "Open Hotel Caravel A"]
[Site "Nago-Torbole ITA"]
[Date "2010.12.26"]
[Round "1"]
[White "Trento, Giacomo"]
[Black "Trauth, Michael"]
[Result "0-1"]
[WhiteElo "1876"]
[BlackElo "2197"]
[PlyCount "138"]
[EventDate "2010.12.26"]

1. e4 c5 2. Nf3 Nc6 3. d4 cxd4 4. Nxd4 g6 5. c4 Nf6 6. Nc3 d6 7. Nc2 Bg7 8. Be2
O-O 9. O-O a5 10. Be3 a4 11. b4 axb3 12. axb3 Rxa1 13. Nxa1 Qa5 14. Qd2 Be6 15.
Nc2 Ng4 16. Nd5 Nxe3 17. Qxa5 Nxa5 18. Nxe7+ Kh8 19. Nxe3 Nxb3 20. Rb1 Nc5 21.
N7d5 Rc8 22. Nf4 Bd7 23. Ned5 Re8 24. f3 f5 25. Nd3 fxe4 26. Nxc5 Bd4+ 27. Kf1
dxc5 28. Rxb7 Bf5 29. f4 h5 30. Nc7 Rf8 31. Ke1 Rd8 32. Rb3 Bg1 33. h3 h4 34.
Nd5 Ra8 35. Bg4 Ra1+ 36. Ke2 Ra2+ 37. Kf1 Bd4 38. Ne3 Bxe3 39. Rxe3 Rc2 40. Be2
Kg7 41. Ra3 Be6 42. Ra4 e3 43. Bd3 Rf2+ 44. Kg1 Rxf4 45. Be2 Rd4 46. Ra3 Bxc4
47. Bxc4 Rxc4 48. Rxe3 Rc2 49. Re7+ Kf6 50. Re4 g5 51. Kf1 Kf5 52. Rg4 c4 53.
Rd4 c3 54. Rc4 Ke5 55. Rg4 Kf5 56. Rc4 Rc1+ 57. Kf2 c2 58. Rc3 Ke4 59. Rc8 Kd5
60. Rc7 Kd6 61. Rc8 Kd7 62. Rc5 Ke6 63. Rc8 g4 64. hxg4 h3 65. gxh3 Rh1 66.
Rxc2 Rh2+ 67. Kg3 Rxc2 68. Kh4 Rc3 69. g5 Kf5 0-1

[Event "Open Hotel Caravel A"]
[Site "Nago-Torbole ITA"]
[Date "2010.12.26"]
[Round "1"]
[White "Zanussi, Leandro"]
[Black "Pescatore, Lorenzo"]
[Result "0-1"]
[WhiteElo "1677"]
[BlackElo "1999"]
[PlyCount "61"]
[EventDate "2010.12.26"]

1. e4 Nc6 2. d4 e5 3. d5 Nce7 4. Bd3 Ng6 5. Ne2 Nf6 6. O-O Bc5 7. c4 d6 8. b4
Bb6 9. Qc2 a6 10. c5 Ba7 11. c6 bxc6 12. Qxc6+ Bd7 13. Qc2 O-O 14. Bg5 Bb6 15.
a4 a5 16. b5 h6 17. Bxf6 Qxf6 18. Nd2 Nh4 19. Nc4 Bh3 20. Nxb6 cxb6 21. f4 Bxg2
22. Rf2 exf4 23. Rb1 Qg5 24. Nd4 Bxe4+ 25. Kf1 Bxd3+ 26. Qxd3 Qxd5 27. Rd1 Rfe8
28. Kg1 Re3 29. Qd2 Rae8 30. Rdf1 R8e5 31. Rxf4 0-1

[Event "Open Hotel Caravel A"]
[Site "Nago-Torbole ITA"]
[Date "2010.12.26"]
[Round "2"]
[White "Bevilacqua, Maurizio"]
[Black "Poletti, Fausto"]
[Result "0-1"]
[WhiteElo "2156"]
[BlackElo "1919"]
[PlyCount "54"]
[EventDate "2010.12.26"]

1. d4 Nf6 2. Nf3 g6 3. Bg5 Bg7 4. e3 O-O 5. Bd3 d6 6. Nbd2 Nbd7 7. e4 e5 8. d5
Nc5 9. Qe2 Nxd3+ 10. Qxd3 Qe8 11. h4 Nh5 12. Qc4 h6 13. Qxc7 hxg5 14. hxg5 Qd8
15. Qc3 f5 16. gxf6 Qxf6 17. Qb4 Bg4 18. O-O-O b6 19. Kb1 Rac8 20. Nc4 Rc5 21.
Rd3 Nf4 22. Nh4 Nxd3 23. cxd3 Be2 24. Qb3 b5 25. Nd2 Qxf2 26. Nxg6 Qxg2 27.
Ne7+ Kf7 0-1

[Event "Open Hotel Caravel A"]
[Site "Nago-Torbole ITA"]
[Date "2010.12.26"]
[Round "2"]
[White "Careri, Massimiliano"]
[Black "Pivovarov, Michail"]
[Result "1-0"]
[WhiteElo "1631"]
[BlackElo "1869"]
[PlyCount "57"]
[EventDate "2010.12.26"]

1. e4 e5 2. Nf3 Nf6 3. Bc4 Nc6 4. d4 exd4 5. O-O d6 6. Nxd4 Be7 7. Nc3 Ne5 8.
Be2 O-O 9. f4 Nc6 10. Nxc6 bxc6 11. Kh1 Rb8 12. Qe1 Bg4 13. e5 Bxe2 14. exf6
Bxf6 15. Qxe2 Bxc3 16. bxc3 Qf6 17. Qd3 Rb5 18. Be3 Rfb8 19. Bxa7 R8b7 20. Bd4
Qd8 21. f5 c5 22. c4 R5b6 23. Bxc5 Rc6 24. Qd5 Qd7 25. Rab1 Rxb1 26. Rxb1 h6
27. Bd4 Ra6 28. Qe4 Qc6 29. Qg4 1-0

[Event "Open Hotel Caravel A"]
[Site "Nago-Torbole ITA"]
[Date "2010.12.26"]
[Round "2"]
[White "D'Amato, Piergiorgio"]
[Black "Sinner, Armin"]
[Result "1/2-1/2"]
[WhiteElo "1866"]
[BlackElo "1515"]
[PlyCount "69"]
[EventDate "2010.12.26"]

1. e4 c5 2. Nf3 d6 3. d4 cxd4 4. Nxd4 Nf6 5. Nc3 a6 6. h3 e6 7. Be2 Be7 8. O-O
O-O 9. a4 Nc6 10. Nf3 Qc7 11. Bg5 h6 12. Bh4 b6 13. Re1 Bb7 14. Bf1 Rfd8 15.
Qe2 Rac8 16. Rad1 Ne8 17. Bg3 Bf6 18. Rd3 Nb4 19. Re3 Be7 20. Nd4 Qd7 21. Rd1
d5 22. exd5 Nxd5 23. Nxd5 Bxd5 24. b3 Bd6 25. c4 Bb7 26. Bxd6 Qxd6 27. Red3 Qc7
28. Qe3 Nf6 29. Be2 Rd7 30. Bf3 Bxf3 31. Nxf3 Rcd8 32. Rxd7 Rxd7 33. Rxd7 Nxd7
34. Qe4 a5 35. Qe3 1/2-1/2

[Event "Open Hotel Caravel A"]
[Site "Nago-Torbole ITA"]
[Date "2010.12.26"]
[Round "2"]
[White "De Nisi, Roberta"]
[Black "De Vita, Igor"]
[Result "1-0"]
[WhiteElo "1925"]
[BlackElo "2078"]
[PlyCount "83"]
[EventDate "2010.12.26"]

1. d4 d6 2. c4 e5 3. dxe5 dxe5 4. Qxd8+ Kxd8 5. Nc3 Be6 6. e3 Nd7 7. Be2 c6 8.
Nf3 f6 9. Bd2 Nh6 10. O-O Nf7 11. Rfd1 Nd6 12. b3 Kc7 13. Be1 a5 14. Nd2 Nc5
15. a3 Bf5 16. b4 Nce4 17. Ndxe4 Nxe4 18. Nxe4 Bxe4 19. bxa5 Be7 20. Bb4 c5 21.
Bc3 Rhd8 22. f3 Bc2 23. Rd5 Ba4 24. Rb1 Bc6 25. Rxd8 Bxd8 26. Bd3 h6 27. Bf5
Kd6 28. Rd1+ Ke7 29. Kf2 Bxa5 30. Bb2 Ra6 31. Rb1 Bc7 32. Bc1 Ra4 33. Bd3 Kd8
34. h4 Kc8 35. Bf5+ Kd8 36. Be6 Ke7 37. Bd5 Kd6 38. e4 Ba5 39. g4 Kc7 40. Rb3
Bxd5 41. cxd5 c4 42. Rb5 1-0

[Event "Open Hotel Caravel A"]
[Site "Nago-Torbole ITA"]
[Date "2010.12.26"]
[Round "2"]
[White "Facchetti, Lorenzo"]
[Black "Teodonio, Fabrizio"]
[Result "1-0"]
[WhiteElo "1843"]
[BlackElo "2002"]
[PlyCount "130"]
[EventDate "2010.12.26"]

1. d4 Nf6 2. c4 g6 3. Nc3 d5 4. Bf4 Bg7 5. Nf3 O-O 6. e3 c5 7. Be2 Nc6 8. dxc5
Qa5 9. O-O dxc4 10. Qa4 Qxc5 11. Qxc4 Qb6 12. Rfd1 Be6 13. Qb5 Qxb5 14. Nxb5
Nd5 15. Bg3 Rac8 16. Ng5 Bxb2 17. Nxe6 fxe6 18. Rab1 Be5 19. Bg4 Nc7 20. Nxc7
Rxc7 21. Rbc1 Bxg3 22. Bxe6+ Kg7 23. hxg3 Rf6 24. Bb3 Kf8 25. Rd8+ Nxd8 26.
Rxc7 Rc6 27. Rd7 Rd6 28. Rc7 Rc6 29. Rd7 Rd6 30. Rxd6 exd6 31. Kf1 Ke7 32. Ke2
Ne6 33. Bd5 Nc5 34. e4 h6 35. Ke3 Kf6 36. f4 g5 37. Kd4 b6 38. Bc4 Na4 39. Bb3
Nc5 40. Bc4 Na4 41. Bb3 Nc5 42. Kd5 Ke7 43. Kd4 Kf6 44. Kd5 Ke7 45. f5 Nd7 46.
Kc6 Nc5 47. Kd5 Nd7 48. Kc6 Nc5 49. Bd5 h5 50. Kc7 b5 51. Kc6 b4 52. e5 Nd3 53.
exd6+ Kd8 54. f6 Ne5+ 55. Kb5 Kd7 56. f7 Ng6 57. Kc5 a5 58. Bb3 h4 59. g4 Nf8
60. Bc2 Ne6+ 61. Kd5 Nf8 62. Bf5+ Kd8 63. Kc5 a4 64. Kxb4 h3 65. gxh3 Ne6 1-0

[Event "Open Hotel Caravel A"]
[Site "Nago-Torbole ITA"]
[Date "2010.12.26"]
[Round "2"]
[White "Favre, Bruno"]
[Black "Dalponte, Dino"]
[Result "1/2-1/2"]
[WhiteElo "1964"]
[BlackElo "2141"]
[PlyCount "106"]
[EventDate "2010.12.26"]

1. d4 d5 2. Nf3 c6 3. Bf4 Nf6 4. e3 Qb6 5. Qc1 Bf5 6. Bd3 Bxd3 7. cxd3 h6 8. h3
Nbd7 9. O-O e6 10. Nc3 Be7 11. Qd2 Nh7 12. Rac1 f6 13. Rc2 Ng5 14. Na4 Nxf3+
15. gxf3 Qa6 16. b3 Qb5 17. Nc3 Qb4 18. Na4 Qxd2 19. Rxd2 O-O 20. Bh2 Kf7 21.
f4 f5 22. Rc2 Rg8 23. f3 g6 24. Rff2 Rac8 25. Nc5 Rc7 26. Nxd7 Rxd7 27. Rg2 Rc7
28. Kf1 Rgc8 29. Ke1 c5 30. dxc5 Rxc5 31. Rxc5 Rxc5 32. Kd2 Rc6 33. Bg1 Ba3 34.
Re2 a6 35. Bf2 b5 36. Bh4 a5 37. Bd8 a4 38. Ba5 axb3 39. axb3 Bb2 40. Re1 Ra6
41. b4 Rc6 42. Rb1 Bc3+ 43. Ke2 Bf6 44. Kd2 Ke7 45. Rc1 Rxc1 46. Kxc1 Bc3 47.
Kc2 Be1 48. Kb3 Bf2 49. Bb6 Kd6 50. Bc5+ Kc6 51. Kc3 Bh4 52. Bf8 Bf6+ 53. d4 h5
1/2-1/2

[Event "Open Hotel Caravel A"]
[Site "Nago-Torbole ITA"]
[Date "2010.12.26"]
[Round "2"]
[White "Gehrke, Rolf"]
[Black "Petragnani, Gian Giacomo"]
[Result "1-0"]
[WhiteElo "2084"]
[BlackElo "1714"]
[PlyCount "51"]
[EventDate "2010.12.26"]

1. Nf3 g6 2. g3 Bg7 3. Bg2 d6 4. d4 Nd7 5. O-O e5 6. c4 f5 7. Nc3 Ne7 8. Ng5
Nf8 9. dxe5 Bxe5 10. f4 Bg7 11. e4 h6 12. Nf3 Bxc3 13. bxc3 fxe4 14. Nh4 Nf5
15. Nxf5 Bxf5 16. g4 Be6 17. Bxe4 c6 18. Re1 Kd7 19. Rb1 Kc7 20. Be3 Bxc4 21.
Qd4 Ne6 22. Qxc4 d5 23. Qb4 Qh4 24. Bf3 b6 25. Bxb6+ axb6 26. Rxe6 1-0

[Event "Open Hotel Caravel A"]
[Site "Nago-Torbole ITA"]
[Date "2010.12.26"]
[Round "2"]
[White "Giancotti, Eraldo"]
[Black "Tortorella, Giancarlo"]
[Result "1/2-1/2"]
[WhiteElo "2065"]
[BlackElo "1796"]
[PlyCount "165"]
[EventDate "2010.12.26"]

1. Nf3 Nf6 2. d4 g6 3. Bg5 Bg7 4. e3 O-O 5. Be2 c5 6. c3 cxd4 7. exd4 d6 8. O-O
Be6 9. Re1 Qb6 10. Bf1 Re8 11. Nbd2 a5 12. Nc4 Qc7 13. Na3 Na6 14. Bf4 Qc8 15.
Bb5 Bd7 16. Qb3 Bxb5 17. Qxb5 Nc7 18. Qd3 Qg4 19. Bg3 Ncd5 20. h3 Qd7 21. c4
Nb4 22. Qd2 Rac8 23. b3 Nh5 24. Bh2 Qf5 25. Rad1 Nc6 26. Nb5 Qd7 27. d5 Nb4 28.
a3 Na6 29. Qxa5 Nc5 30. Re3 Bh6 31. Rc3 Bg7 32. Nfd4 e5 33. dxe6 Nxe6 34. Rf3
Nxd4 35. Nxd4 Bxd4 36. Rxd4 Rc5 37. Qd2 Rc6 38. Bxd6 Ng7 39. Bf4 Qf5 40. Rd8
Rce6 41. Rxe8+ Rxe8 42. Qd3 Qf6 43. Qd7 Qa1+ 44. Kh2 Re1 45. Be3 Rh1+ 46. Kg3
Qe5+ 47. Bf4 Nh5+ 48. Kg4 Nf6+ 49. Kg3 Nxd7 50. Bxe5 Nxe5 51. Re3 Nc6 52. b4
Rd1 53. Kf3 Kf8 54. Ke2 Rd4 55. Rc3 Ke7 56. Ke3 Rd7 57. c5 f5 58. b5 Ne5 59. f4
Nf7 60. a4 Nd8 61. g3 Ne6 62. a5 Rd5 63. a6 bxa6 64. bxa6 Nc7 65. a7 Kd7 66.
Ra3 Na8 67. Rb3 Rxc5 68. Rb7+ Rc7 69. Rxc7+ Kxc7 70. Kd4 Kd6 71. Kc4 h6 72. Kb5
g5 73. Ka6 gxf4 74. gxf4 h5 75. h4 Kc6 76. Ka5 Nc7 77. Kb4 Kd5 78. Ka5 Kc5 79.
Ka4 Kb6 80. Kb4 Kxa7 81. Kc5 Ne6+ 82. Kd5 Nxf4+ 83. Ke5 1/2-1/2

[Event "Open Hotel Caravel A"]
[Site "Nago-Torbole ITA"]
[Date "2010.12.26"]
[Round "2"]
[White "Horn, Peter"]
[Black "Jimchi, Abdelaziz"]
[Result "1-0"]
[WhiteElo "2132"]
[BlackElo "1886"]
[PlyCount "39"]
[EventDate "2010.12.26"]

1. c4 e5 2. g3 Nc6 3. Bg2 Nf6 4. Nc3 Bb4 5. Nd5 a5 6. e3 O-O 7. Ne2 d6 8. O-O
Be6 9. a3 Bc5 10. d4 exd4 11. exd4 Ba7 12. Nxf6+ Qxf6 13. d5 Ne5 14. dxe6 fxe6
15. Be3 Bxe3 16. fxe3 Qh6 17. Qd4 c5 18. Qe4 Qg5 19. Rf4 Rxf4 20. exf4 1-0

[Event "Open Hotel Caravel A"]
[Site "Nago-Torbole ITA"]
[Date "2010.12.26"]
[Round "2"]
[White "Lezzerini, Marco"]
[Black "Trento, Giacomo"]
[Result "0-1"]
[WhiteElo "1731"]
[BlackElo "1876"]
[PlyCount "54"]
[EventDate "2010.12.26"]

1. d4 Nf6 2. c4 g6 3. Nc3 d5 4. cxd5 Nxd5 5. e4 Nxc3 6. bxc3 Bg7 7. Bc4 O-O 8.
Be3 c5 9. Ne2 Nc6 10. Rc1 cxd4 11. cxd4 Bg4 12. f3 Bd7 13. g4 Qa5+ 14. Kf2 Rad8
15. h4 h6 16. Qg1 Kh7 17. f4 f5 18. h5 fxg4 19. hxg6+ Kxg6 20. f5+ Bxf5 21.
exf5+ Rxf5+ 22. Bf4 Bxd4+ 23. Nxd4 Qd2+ 24. Ne2 Rxf4+ 25. Kg3 Rf3+ 26. Kxg4
Ne5+ 27. Kh4+ Qg5+ 0-1

[Event "Open Hotel Caravel A"]
[Site "Nago-Torbole ITA"]
[Date "2010.12.26"]
[Round "2"]
[White "Montani, Riccardo"]
[Black "Zanussi, Leandro"]
[Result "0-1"]
[WhiteElo "1885"]
[BlackElo "1677"]
[PlyCount "56"]
[EventDate "2010.12.26"]

1. e4 c5 2. c3 Nc6 3. d4 cxd4 4. cxd4 d5 5. e5 Bf5 6. Bb5 e6 7. Nc3 Bb4 8. Qa4
Bxc3+ 9. bxc3 Nge7 10. Ba3 O-O 11. Nf3 Re8 12. Nh4 Be4 13. f3 a6 14. Bxc6 Nxc6
15. g3 Bd3 16. Rd1 Bc4 17. Rd2 b5 18. Qc2 Qa5 19. Bd6 b4 20. cxb4 Nxb4 21. Qc3
Nc6 22. Qxa5 Nxa5 23. Kf2 Bb5 24. Bc5 Rac8 25. Rc1 Nc6 26. Rdc2 Bc4 27. Ng2
Nxe5 28. Ne3 Nd3+ 0-1

[Event "Open Hotel Caravel A"]
[Site "Nago-Torbole ITA"]
[Date "2010.12.26"]
[Round "2"]
[White "Mora, Massimo"]
[Black "De Santis, Alessio"]
[Result "0-1"]
[WhiteElo "2014"]
[BlackElo "2293"]
[PlyCount "100"]
[EventDate "2010.12.26"]

1. Nf3 c5 2. b3 b6 3. Bb2 Bb7 4. e3 Nf6 5. c4 e6 6. Nc3 a6 7. d4 d6 8. Bd3 Nbd7
9. Qe2 Be7 10. Bc2 Qc7 11. Nd2 O-O 12. dxc5 bxc5 13. f3 d5 14. O-O-O Rac8 15.
g4 Rfe8 16. h4 Nf8 17. h5 d4 18. exd4 cxd4 19. Nce4 e5 20. Rdg1 Nd5 21. g5 Nf4
22. Qf1 Kh8 23. g6 fxg6 24. hxg6 h6 25. Ng3 d3 26. Bxd3 Rcd8 27. Bc2 Bc5 28.
Nf5 Bxg1 29. Rxg1 Kg8 30. Ne4 Bxe4 31. Bxe4 N8e6 32. Rh1 Qa5 33. Kb1 Rd2 34.
Ne3 Nc5 35. Nc2 Nxe4 36. fxe4 Red8 37. Qf3 Nxg6 38. Bc3 Qc5 39. Bxd2 Rxd2 40.
Rf1 Nf4 41. Kc1 Rd3 42. Qf2 Qc6 43. Nb4 Qxe4 44. Qc2 Qe3+ 45. Kb1 Rd2 46. Qc1
Ne2 47. Qa3 Qe4+ 48. Nc2 Qxc2+ 49. Ka1 Rd1+ 50. Rxd1 Qxd1+ 0-1